Účtovné zobrazenie dlhodobého hmotného majetku v podvojnom účtovníctve podnikateľov diplomová práca

Gespeichert in:
Bibliographische Detailangaben
1. Verfasser: Bartaloš, Martin
Körperschaft: Fakulta hospodárskej informatiky EU. Katedra účtovníctva a audítorstva
Weitere Verfasser: Novák, Jaromír, 1978-
Format: Buch
Sprache:Slowakisch
Veröffentlicht: Bratislava 2009
Tags: Tag hinzufügen
Keine Tags, Fügen Sie das erste Tag hinzu!

MARC

LEADER 00000nam$a2200000$$$4500
001 0097321
005 20240318134954.6
041 0 |a slo 
044 |a SK 
245 1 0 |a Účtovné zobrazenie dlhodobého hmotného majetku v podvojnom účtovníctve podnikateľov  |b diplomová práca  |c Martin Bartaloš ; škol. Jaromír Novák 
264 1 |a Bratislava  |c 2009 
300 |a 85 s. 
100 1 |a Bartaloš, Martin 
700 1 |a Novák, Jaromír, 1978- 
710 2 |a Fakulta hospodárskej informatiky EU. Katedra účtovníctva a audítorstva